LIBRARY & INFORMATION CENTRE, KCAET, TAVANUR

ONLINE PUBLIC ACCESS CATALOGUE (OPAC)

Smarter wat to learn javascript (Record no. 17703)

MARC details
000 -LEADER
fixed length control field 00297nam a22001337a 4500
003 - CONTROL NUMBER IDENTIFIER
control field OSt
008 - FIXED-LENGTH DATA ELEMENTS--GENERAL INFORMATION
fixed length control field 230522b |||||||| |||| 00| 0 eng d
041 ## - LANGUAGE CODE
Language code of text/sound track or separate title eng
082 ## - DEWEY DECIMAL CLASSIFICATION NUMBER
Classification number 005.133
Item number MYE/SM
100 ## - MAIN ENTRY--AUTHOR NAME
Personal name Myers, Mark
245 ## - TITLE STATEMENT
Title Smarter wat to learn javascript
300 ## - PHYSICAL DESCRIPTION
Number of Pages 248
942 ## - ADDED ENTRY ELEMENTS (KOHA)
Koha item type Books
Holdings
Withdrawn status Lost status Damaged status Collection code Home library Current library Shelving location Date acquired Source of acquisition Cost, normal purchase price Full call number Accession Number Koha item type
      General Books KAUAET KAUAET General Stacks 25/03/2023 eedeeyou, Manjeri 4000.00 005.133 MYE/SM 26167 Books
      General Books KAUAET KAUAET General Stacks 25/03/2023 eedeeyou, Manjeri 4000.00 005.133 MYE/SM 26168 Books
      General Books KAUAET KAUAET General Stacks 25/03/2023 eedeeyou, Manjeri 4000.00 005.133 MYE/SM 26169 Books
free website counter